000 01101nam0a2200277 4500
001 RU\NLR\bibl\1432315
005 20250615221957.0
021 _aRU
_b2009-65132
_94017
035 _a(NLR Aleph) 001424225
090 _a1361875
_c1361875
100 _a20091030d2009 |||y0rusy50 ca
101 0 _arus
102 _aRU
105 _ay |||||||||
200 1 _aТеория финансов
_eучебное пособие
_fЕ.П. Енина
_gГОУВПО "Воронеж. гос. техн. ун-т"
210 _aВоронеж
_cВоронежский государственный технический университет
_d2009
215 _a236 с.
_d21
320 _aБиблиогр.: с. 227-232 (70 назв.)
606 1 _aФинансы
_jУчебные издания для высших учебных заведений
_xТеория
_91868861
_3RU\NLR\auth\661139211
686 _aУ26(0)я73
700 1 _aЕнина
_bЕ. П.
_gЕлена Павловна
_4070
801 0 _aRU
_bNLR
_c20091030
_gRCR
801 1 _aRU
_bNLR
_c20091030
942 _cBOOK
980 _aNB